| 000 | 00575nam a2200169 a 4500 | ||
|---|---|---|---|
| 001 | 000044397 | ||
| 005 | 20201002045338.0 | ||
| 008 | 140627s1995 dr a 000 0 spa d | ||
| 020 | _z8489531057 | ||
| 040 |
_aDO-SdBNP _bspa _cBNPHU |
||
| 082 |
_axxxx _bxxxx |
||
| 100 | 1 |
_aCárdenes, Carol Rosalía _972407 |
|
| 245 | 1 | 0 |
_aBajo un mismo sol / _cCarol Rosalía Cardenes Rubiera ; ilustraciones Kendy Yanoreh Calcaño. |
| 260 |
_aSanto Domingo : _bEdiciones Infantiles Dominicanas, _c1995. |
||
| 300 |
_a[18] p. : _bil. ; _c25 cm. |
||
| 700 | 1 | 2 |
_aCalcaño, Kendy Yanoreh _eil. _972408 |
| 999 |
_c43886 _d43886 |
||